| 000 | 00538nam a2200169 a 4500 | ||
|---|---|---|---|
| 001 | 16558 | ||
| 005 | 20180713205523.0 | ||
| 008 | 140415s1969 000 0 spa d | ||
| 041 | _aspa | ||
| 082 |
_a371.24 _bROD |
||
| 100 | 1 | _aRODRIGUEZ RAMOS, LUIS | |
| 245 | 1 | 3 |
_aEL TIEMPO EN LA EMPRESA EDUCATIVA : _bCOMO SE HACEN LOS DIFERENTES HORARIOS Y CALENDARIOS |
| 260 |
_a[s.l.] : _bUNIVERSIDAD DE NAVARRA, _c1969 |
||
| 300 | _a116 | ||
| 490 |
_aICE EXPERIENCIAS _v1 |
||
| 650 | 1 | 4 |
_aADMINISTRACION ESCOLAR _xESCUELAS _xHORARIOS |
| 999 |
_c16558 _d16558 |
||